| 000 | 00640nam a2200217Ii 4500 | ||
|---|---|---|---|
| 003 | JO-AjNU | ||
| 008 | 230606s9999||||xx |||||||||||||| ||und|| | ||
| 020 | _a0-324-31702-6 | ||
| 040 |
_aJO-AjNU _beng _erda _cJO-AjNU |
||
| 041 | _aeng | ||
| 050 | 1 | 4 | _aHF1416.C953.2007 |
| 100 | 3 |
_aCzinkota,Michael R/ llkka A. Ronkainen, _eauthor _91788 |
|
| 245 | 0 | 0 | _ainternational marketing |
| 250 | _a8th ed | ||
| 264 | 3 | 1 | _aAustralia:THOMSON SOUTH-WESTERN,2007 |
| 300 |
_a646p _bIncludes indexes |
||
| 336 |
_atext _btxt _2rdacontent |
||
| 337 |
_aunmediated _bn _2rdamedia |
||
| 338 |
_avolume _bnc _2rdacarrier |
||
| 650 | 4 |
_aExport marketing _91789 |
|
| 999 |
_aE942 _c942 _d942 |
||